NFL starting Minnesota Vikings players 2024-2025 - Statistics

General Stats
  • This quiz has been taken 127 times
  • The average score is 15 of 28
Answer Stats
Hint Answer % Correct
WR Justin Jefferson
100%
RB Aaron Jones
99%
QB Sam Darnold
98%
TE T.J. Hockenson
85%
FB C.J. Ham
80%
WR JalenNailor
74%
S Harrison Smith
69%
LT Christian Darrisaw
60%
CB Byron Murphy Jr.
58%
OLB Andrew Van Ginkel
54%
S Camryn Bynum
51%
OLB Jonathan Greenard
51%
WR Jordan Adison
51%
K Will Reichard
48%
CB Stephon Gilmore
46%
LB Ivan Pace Jr.
44%
C Bradbury
43%
P Ryan Wright
42%
S Joshua Metellus
40%
LB Blake Cashman
37%
RT Brian O’Neill
37%
OLB Dallas Turner
36%
DT Harrison Phillips
35%
LS Andrew DePaola
33%
CB Shaq Griffin
26%
LG Blake Brandel
25%
RG Dalton Risner
20%
DT Jonathan Bullard
19%
No matching quizzes found
Score Distribution
Percent of People with Each Score
Percentile by Number Answered
Your Score History
You have not taken this quiz